000 00669cam a2200229 a 4500
001 000008098
005 20200929154431.0
008 010309s2000 mx 000 f spa d
020 _a9681905059
040 _aDO-SdBNP
_cDLC
_dDLC
082 _aM863.44
_bK91s
100 1 _aKrauze, Ethel,
_d1954-
_98809
245 1 3 _aEl secreto de la infidelidad /
_cEthel Krauze.
260 _aMéxico :
_bAlfaguara,
_c2000.
300 _a132 p. ;
_c21 cm.
500 _aEl primer ejemplar es la tercera reimpresión del 2001
650 4 _aNovela mexicana
_93959
650 4 _aLiteratura mexicana
_91922
910 _aCatalogación por copia / LC
910 _aWM
049 _aBNGR
999 _c7875
_d7875